00639nam a2200157Ia 4500008004100000100002000041245011700061245005600178260005300234260001800287300000800305650001500313856006100328999001900389952007300408170221s9999 xx 000 0 und d aHaitham Alhnity aImpact of Entrepreneurial Orientation on Small Business Performance: Moderating Role of Government intervention  cHaitham Alhnity, Armanurah Mohamad, Awanis Ku Ishak bInternational Review of Management and Marketing cNovember 2014 a3:4 xMarketing. uhttp://www.econjournals.com/index.php/irmm/issue/view/91 c310179d310179 001040aCLbCLd2017-02-21l0r2017-02-21 00:00:00w2017-02-21yFOJ